Bilecik Bilecik Bilecik Bilecik Bilecik

Ana/ (Record no. 13902)

MARC details
000 -BAŞLIK
Sabit Uzunluktaki Kontrol Alanı 00816nam a22002897a 4500
001 - KONTROL NUMARASI
Control Dosyası 0013939
003 - KONTROL NUMARASI KİMLİĞİ
Kontrol Alanı KOHA_MİRAKIL
005 - EN SON İŞLEM TARİHİ ve ZAMANI
Kontrol Alanı 20260207001937.0
007 - FİZİKSEL TANIM SABİT ALAN - GENEL BİLGİ
Sabit uzunluklu kontrol alanı ta
008 - SABİT UZUNLUKTAKİ VERİ ÖGELERİ - GENEL BİLGİ
Sabit Alan 100223b tu |||gr||||#||||1|tur |
040 ## - KATALOGLAMA KAYNAĞI
Özgün Kataloglama Kurumu TR-BiSEU
Kataloglama Dili tur
Çeviri Kurumu TR-BiSEU
Açıklama Kuralları rda
041 0# - DİL KODU
Metin ya da ses kaydının dil kodu tur
044 ## - YAYINLAYAN/ÜRETEN KURULUŞUN ÜLKE KODU
ISO country code tu
050 ## - SINIFLAMA ve YER NUMARASI
Sınıflama Numarası PS3503.U19
Yer Numarası A53 [t.y.]
100 1# - KİŞİ ADI
Yazar Adı (Kişi adı) Buck, Pearl S..
245 1# - ESER ADI BİLDİRİMİ
Başlık Ana/
Sorumluluk Bildirimi Pearl S. Buck ; Pearl S. Buck; çeviren Nihal Yeğinobalı.
264 #1 - ÜRERİM, YAYIN, DAĞITIM ve TELİF BİLDİRİMİ
Yayın yeri İstanbul :
Yayınlayan Cem Yayınevi
Yayın tarihi [t.y.]
300 ## - FİZİKSEL TANIMLAMA
Sayfa, Cilt vb. 267 sayfa; 21 cm.
336 ## - İÇERİK TÜRÜ
Content type term metin
Content type code txt
Source rdacontent
337 ## - MEDYA TÜRÜ
Media type term aracısız
Media type code n
Source rdamedia
338 ## - TAŞIYICI TÜRÜ
Carrier type term cilt
Carrier type code nc
Source rdacarrier
490 1# - DİZİ BİLDİRİMİ
Dizi Bildirimi Nobel ;
Cilt Numarası 2
650 #0 - KONU BAŞLIĞI EK GİRİŞ - KONU TERİMİ
Konusal terim veya coğrafi ad Amerikan edebiyatı.
9 (RLIN) 31337
650 #0 - KONU BAŞLIĞI EK GİRİŞ - KONU TERİMİ
Konusal terim veya coğrafi ad American literature.
9 (RLIN) 31336
830 1# - SERİ EK GİRİŞİ - TEKBİÇİM ESER ADI
Tekbiçim Başlık Nobel ;
Volume number/sequential designation 2
9 (RLIN) 1846
942 ## - EK GİRİŞ ÖGELERİ (KOHA)
Source of classification or shelving scheme Library of Congress Classification
Koha item type Book
Holdings
Materyal Türü Kalıcı Konum Mevcut Konum Raf Yeri Sınıflandırma Kaynağı Edinim Bilgisi Ana Konular Alt Konular Yer Numarası Demirbaş Numarası Fatura Tarihi Maliyet, Alış Fiyatı Maliyet, Yenileme Fiyatı Geri Çekilme Durumu Kayıp Durumu Hasarlı Durumu Kredi için değil Kayıt Tarih Toplam Ödünçverme Son Görülme Tarihi Son Kontrol Tarihi Genel / Bağış Notu
Book Prof. Dr. Azmi Özcan Kütüphanesi Prof. Dr. Azmi Özcan Kütüphanesi Birûni Salonu Library of Congress Classification Bağış DİL VE EDEBİYAT Amerikan Edebiyatı PS3503.U19 A53 [t.y.] 0013939 02/02/2026 3.00 3.00         23/02/2010   05/12/2024 05/12/2024 Genel Bağış
Book Prof. Dr. Azmi Özcan Kütüphanesi Prof. Dr. Azmi Özcan Kütüphanesi Birûni Salonu Library of Congress Classification Bağış DİL VE EDEBİYAT Amerikan Edebiyatı PS3503.U19 A53 [t.y.] 0030517 02/02/2026     Düşüldü Kayıp     21/06/2011   05/12/2024 05/12/2024 Genel Bağış